Organizational behavior and the practice of management

Uloženo v:
Podrobná bibliografie
Hlavní autoři: Hampton, David R (Autor), Summer, Charles E (Autor), Webber, Ross A (Autor)
Médium: Kniha
Jazyk:angličtina
Vydáno: Glenview Scott, Foresman and Co 1968
Témata:
Tagy: Přidat tag
Žádné tagy, Buďte první, kdo vytvoří štítek k tomuto záznamu!

MARC

LEADER 00000nam a2200000 a 4500
001 UCQ0693
003 CL-VaPUC
008 980703e19680000US |||||||||||||||||eng|d
082 0 4 |a 658.3  |b HAM  |2 21 
100 |a Hampton, David R  |e author  |9 413982 
700 0 |a Summer, Charles E  |e author  |9 413983 
700 0 |a Webber, Ross A  |e author  |9 413984 
245 1 0 |a Organizational behavior and the practice of management 
300 |a 758 p 
942 |c BK 
945 |d 19980703 00:00:00  |a cmena 
260 |a Glenview  |b Scott, Foresman and Co  |c 1968 
650 0 |a Comportamiento   |9 308406 
650 0 |a Recursos humanos   |9 228420 
650 0 |a Estructura organizacional   |9 390800 
650 0 |a Administración de empresas   |9 260833 
650 0 |a Psicología industrial  |9 271739 
650 0 |a Liderazgo  |9 271835 
583 |a last modification  |c 19980703 00:00:00  |k Rodrigo Vera 
999 |c 271730  |d 271728 
952 |0 0  |1 0  |4 0  |6 658_300000000000000_HAM_1968  |7 0  |8 P  |9 306477  |a BIBGIM  |b BIBGIM  |d 2019-11-20  |i 1430297  |o 658.3 HAM 1968  |p 1430297  |r 2025-01-15  |w 2019-11-20  |y BK  |k COM